El factor de atribución en la acción concursal de responsabilidad de los administradores (Registro nro. 21049)

Detalles MARC
000 -LEADER
fixed length control field 00418 a2200121 4500
001 - CONTROL NUMBER
control field ART_42205
005 - DATE AND TIME OF LATEST TRANSACTION
control field 20260410161806.0
008 - FIXED-LENGTH DATA ELEMENTS--GENERAL INFORMATION
fixed length control field 260409a
100 1# - MAIN ENTRY--PERSONAL NAME
Personal name Junyent Bas, Francisco
245 10 - TITLE STATEMENT
Title El factor de atribución en la acción concursal de responsabilidad de los administradores
700 1# - ADDED ENTRY--PERSONAL NAME
Personal name Ferrero, Facundo
773 0# - HOST ITEM ENTRY
Title Doctrina Societaria y Concursal
Related parts - Nº 295 (jun. 2012)
Record control number REV4298

No hay ítems disponibles.